Appalachian Trail Quiz - Statistics

General Stats
  • This quiz has been taken 270 times
    73 since last reset
  • The average score is 16 of 36
Answer Stats
Hint Answer % Correct
Pennsylvania
71%
Georgia
70%
Tennessee
70%
West Virginia
70%
Maine
68%
New York
68%
Virginia
68%
Vermont
67%
New Hampshire
65%
Connecticut
64%
Massachusetts
64%
Maryland
62%
North Carolina
62%
The tallest mountain in the state's White Mountains Mount {Washington}
59%
New Jersey
59%
National park with part of the Blue Ridge Mountains Shenandoah
48%
To the nearest hundred miles, the length of the AT 2200
45%
National Park and subrange of the Appalachian Mountains Great Smoky Mountains
45%
People who surprise thru-hikers with water, food, supplies, and other help trail {angels}
43%
Other two trails of the Triple Crown of long-distance US hiking Pacific Crest Trail
41%
Mountain at the northern terminus of the trail Katahdin
39%
Nickname for the state, describing its rugged terrain {Rock}sylvania
36%
Long portion without any civilization nearing the northernmost mountain The Hundred-Mile {Wilderness}
35%
Marks on trees and rocks that show the path {white} blaze
33%
Near its midpoint, the AT enters this historic town Harpers Ferry
32%
Bill Bryson's 1998 book about the trail (turned into a 2015 movie) A Walk in the Woods
29%
Kuwohi is the highest point on the trail. What's its old name? {Clingmans} Dome
29%
Other two trails of the Triple Crown of long-distance US hiking Continental Divide Trail
25%
Mountain at the southern terminus of the AT {Springer} Mountain
22%
The AT merges with the southern portion of this Vermont trail {Long} Trail
19%
At the halfway mark, some thru-hikers try to consume a half gallon of this ice cream
14%
Passes over this tallest dam in the Eastern United States {Fontana} Dam
10%
Rock ledge (pictured), the most photographed place on the trail {McAfee} Knob
10%
At the lowest point of the trail, it crosses through this type of establishment zoo
10%
Widest unbridged river the AT crosses, which necessitates a ferry {Kennebec} River
9%
Gap of giant boulders considered the "toughest mile" on the trail {Mahoosuc} Notch
9%
No matching quizzes found
Score Distribution
Percent of People with Each Score
Percentile by Number Answered
Your Score History
You have not taken this quiz since the last reset